00511nam a2200193 a 4500001001300000003000900013005001700022008004100039020002300080082001600103100001300119245002700132260004000159300000900199500003500208650002700243700002500270700002200295nice12345678IN_TiNIC20260116014130.0100216s2008 newa grp 000 0 eng  a9788125035268c39500a306.38bVOS aVos, Rob aAgeing and Development aNew Delhi bOrient Blackswan c2008 a260p aincludes index and biblioraphy aOlder People-Sociology1 aJose, Antonio Ocampo1 aAna, Luiza Cortez